Länder aus Elementen #2 - Statistiken

Allgemein
  • Dieses Quiz wurde 112 mal gespielt
  • Das Durchschnittsergebnis liegt bei 12 aus 14
Antwortstatistiken
Elementen Land % Korrekt
Uran + Kalium + Radium + Iod + Neon Ukraine
98%
Brom + Uran + Neon + Iod Brunei
95%
Ruthenium + Schwefel + Schwefel + Lanthan+ Neodym Russland
95%
Uran + Schwefel + Beryllium + Kalium + Iod + Schwefel + Tantal + Stickstoff Usbekistan
95%
Gallium + Bor + Uran + Stickstoff Gabun
93%
Molybdän + Natrium + Cobalt Monaco
92%
Lanthan + Sauerstoff + Schwefel Laos
90%
Iod + Schwefel + Lanthan+ Neodym Island
83%
Kalium + Iridium + Iod + Barium + Titan Kiribati
81%
Lanthan + Osmium Laos
76%
Schwefel + Aluminium + Sauerstoff + Molybdän + Neon + Stickstoff Salomonen
75%
Fluor + Iod + Darmstadtium + Kohlenstoff + Wasserstoff + Iod Fidschi
74%
Protactinium + Lanthan + Uran Palau
66%
Protactinium + Kalium + Iod + Schwefel + Tantal + Stickstoff Pakistan
63%
Keine übereinstimmenden Quizze gefunden
Verteilung der Resultate
Anzahl Personen mit jedem Resultat
Perzentil nach korrekt beantworteten Fragen
Ihre Resultats-Entwicklung
Sie haben dieses Quiz noch nicht gespielt